000 00664nam a2200229Ia 4500
003 OSt
005 20220926045518.0
006 a|||||r|||| 00| 0
007 ta
008 220923b |||||||| |||| 00| 0 eng d
037 _cGeneral Book
040 _aRTL
_cRTL
_beng
041 _2eng
_aeng
082 _aN332.1SN47, N1RR
110 _aIndia, information and broadcasing (Ministry of-)
_9350300
245 0 _aRefernce annual publication division
260 _c1991
300 _a1080p.
_ccm.
700 _aIndia, information and broadcasing (Ministry of-)
_9350301
942 _hN332.1SN47, N1RR
_cGB
_2CC
999 _c677779
_d677779